| 000 | 00659nam a2200193Ia 4500 | ||
|---|---|---|---|
| 008 | 151119s9999||||xx |||||||||||||| ||und|| | ||
| 082 | _a891.46308 | ||
| 082 | _bGKKV2094 | ||
| 100 | _a"सिनकर, श्रीकांत" | ||
| 245 | _aगुन्हेगारांच्या किमया | ||
| 260 | _a--- | ||
| 260 | _b--- | ||
| 260 | _c2012 | ||
| 600 | _a"सिनकर, श्रीकांत" | ||
| 630 | _aगुन्हेगारांच्या किमया | ||
| 700 | _a"सिनकर, श्रीकांत" | ||
| 730 | _aगुन्हेगारांच्या किमया | ||
| 942 | _cBOOK | ||
| 999 |
_c1058179 _d1058176 |
||